000 00293nam a22001337a 4500
008 170809b xxu||||| |||| 00| 0 eng d
020 _a9781423905776
041 _aeng
080 _a004
100 _a35
101 _aSHKI
245 _aMICROSOFT OFFICE 2007
_cIMPINK, P.J
942 _2udc
_cBK
999 _c23056
_d23056